Регионална библиотека "Любен Каравелов" - Русе

Световен атлас [CD-ROM] (Запис номер 222236)

MARC детайли
000 -Лидер
Контролно поле с фиксирана дължина 02045njm a2200433 c 4500
003 - Код на организацията, давaща контролен номер
Контролно поле BLK
005 - Дата и час на последна редакция
Контролно поле 20240513150810.0
008 - Елементи от данни с фиксирана дължина
fixed length control field 180410b bul||n||s|||||||| n|bulo|
010 ## - Наследен системен номер
LC control number CDD00004242000
040 ## - Източник на каталожния запис
Идентификатор на билиотеката - собственик на записа BLK
041 ## - Код за език
Код за езика на текст/звукозапис или на отделно заглавие Български
Код за езика КДБФ Български
080 ## - УДК
Текстов определител УДК Регионална география
УДК код - определител по УДК 913
УДК - код + определител 913
080 ## - УДК
Текстов определител УДК Нетекстови публикации по география. Фотографии. Рисунки. Диаграми. Профили. Карти. Картограми. Атласи. Глобуси
УДК код - определител по УДК 912
УДК определител (100)(084.4.034)
УДК - код + определител 912(100)(084.4.034)
139 ## - Редно поле
Редна дума Световен атлас [CD-ROM]
Авторски знак Све - С 25
245 10 - Сведения за заглавието
Заглавие Световен атлас [CD-ROM]
Редно поле (дума) текст Philip Wilkinson; отг. ред. Венера Иванова Атанасова; компютърна обраб. Емилия Минчева; прев. Венера Иванова Атанасова; прев. Здравко Антонов Тошев.
257 ## - Страна на издаване
Страна на създаване/издаване Великобритания
260 ## - Област на издателските данни
Име на издателя, разпространителя и проч. Хермес
Година на издаване 2004
300 ## - Физическа характеристика
Страници 141 MB
Размери/Мащаб 12 см
380 ## - Жанр
Жанр География
500 ## - Общи забележки
Забележка Ориг. загл. World Atlas. - Дигитално изд. - Прил. към кн. със същото загл. със сигн. Кр ІІ 316.
590 ## - Забележки на библиотеката, притежаваща документа (RLIN)
Служебно S.N: 115045 от КНИГИ
650 #4 - Допълнително описание по предмет – тема
Основно описание – тема или топоним Атласи
9 (RLIN) 147824
650 #4 - Допълнително описание по предмет – тема
Основно описание – тема или топоним Свят - география
9 (RLIN) 242274
653 ## - Ключова дума – ненормативна
Ключова дума свят
653 ## - Ключова дума – ненормативна
Ключова дума атласи
653 ## - Ключова дума – ненормативна
Ключова дума география
700 1# - Други автори (авторска отговорност)
Лично име Wilkinson, Philip
Автороска отговорност (Описва отношението между автора и произведението) текст
9 (RLIN) 311642
700 1# - Други автори (авторска отговорност)
Лично име Атанасова, Венера Иванова
Автороска отговорност (Описва отношението между автора и произведението) отг. ред.
9 (RLIN) 363320
700 1# - Други автори (авторска отговорност)
Лично име Минчева, Емилия
Автороска отговорност (Описва отношението между автора и произведението) компютърна обраб.
9 (RLIN) 387840
700 1# - Други автори (авторска отговорност)
Лично име Атанасова, Венера Иванова
Автороска отговорност (Описва отношението между автора и произведението) прев.
9 (RLIN) 363320
700 1# - Други автори (авторска отговорност)
Лично име Тошев, Здравко Антонов
Автороска отговорност (Описва отношението между автора и произведението) прев.
9 (RLIN) 366689
852 ## - Местоположение
Форматна сигнатура Цб II 13422
Част 0
856 4# - Електронен адрес и достъп
Електронен формат pdf - файл
Път до файла /url/
856 4# - Електронен адрес и достъп
Електронен формат pdf - файл
Път до файла /url/
942 ## - АРТИКУЛИ
Вид на библиотечния материал Компактдискове
Скрит в OPAC Не
944 ## - СЪЗДАВАНЕ И РЕДАКЦИЯ на ЗАПИСА
Създаване/Редакция Създаване
Дата на регистрацията/редакция 17.09.2004
Служител, извършил регистрацията/редакцията 30534
Статус, дата на статуса Радостина Карадакова
944 ## - СЪЗДАВАНЕ И РЕДАКЦИЯ на ЗАПИСА
Създаване/Редакция Редакция
Дата на регистрацията/редакция 30.05.2007
999 ## - СИСТЕМНИ КОНТРОЛНИ НОМЕРА
Koha biblionumber 222236
Koha biblioitemnumber 222236
999 ## - СИСТЕМНИ КОНТРОЛНИ НОМЕРА
Koha biblioitemnumber 222236
Наличности
Код за отписване Код за изгубен артикул Източник на класификационната схема Код за повреда Коз за рестрикции Код за отдаване Артикулен № Име на библиотеката - собственик Име на библиотеката, в която се намира в момента Статус (Текущо местоположение) Дата на вписване в системата Местоположение - отдел Цена в лева Инвентарен номер Систематично азбучна сигнатура Баркод Номер на екземпляра Цена в евро Служебна бележка Служебен тип на артикула
  Не е изгубен Universal Decimal Classification Не е повреден без рестрикции ползва се в читалня 394181 Регионална библиотека "Любен Каравелов" Русе Регионална библиотека "Любен Каравелов" Русе Хранилище 2005-10-31 Хранилище 9.99 250000001036 Цб II 13422 250000001036 1 5.11 Дост: Dp Вид: Д N: 45 Дата: 20.10.2004 Компактдискове
Изтеглен Не е изгубен Universal Decimal Classification Не е повреден без рестрикции заемане за дома 394182 Регионална библиотека "Любен Каравелов" Русе Регионална библиотека "Любен Каравелов" Русе Детски отдел 2007-05-30 Детски отдел 9.99 250000002265 Д 91/С 25 250000002265 2 5.11 Дост: DA Вид: А N: 4 Дата: 29.05.2007 Компактдискове
Vip Innovations Ltd, Rousse, Bulgaria 2025